El montaje en la cinta de video: factor básico en la post-producción

Tallennettuna:
Bibliografiset tiedot
Päätekijä: Browne, Steven E (Tekijä)
Aineistotyyppi: Kirja
Kieli:espanja
Julkaistu: Madrid Instituto Oficial de Radio y Televisión 1989
Sarja:Manuales Profesionales
Aiheet:
Tagit: Lisää tagi
Ei tageja, Lisää ensimmäinen tagi!

MARC

LEADER 00000cam a2200000 a 4500
001 UCF8790
003 CL-VaPUC
008 131004e19890000sp |||||||||||||||||spa|d
020 |a 8486984335 
082 0 4 |a 778.5992  |b BRO  |2 21 
100 0 |a Browne, Steven E  |e author  |9 570904 
245 1 3 |a El montaje en la cinta de video: factor básico en la post-producción 
300 |a 255 p 
942 |c BK 
945 |d 20131004 22:02:00  |a dcastane 
260 |a Madrid  |b Instituto Oficial de Radio y Televisión  |c 1989 
650 0 |a Grabaciones en video  |9 830454 
650 0 |a Videos  |9 335420 
650 0 |a Montaje  |9 310689 
583 |a last modification  |c 20131004 22:02:00  |k Rodrigo Vera 
490 0 |a Manuales Profesionales 
999 |c 353322  |d 353320 
952 |0 0  |1 0  |3 erb  |4 0  |6 778_599200000000000_BRO_1989  |7 0  |8 A  |9 458460  |a BIBART  |b BIBART  |d 2019-11-23  |i 5014840  |l 1  |o 778.5992 BRO 1989  |p 5014840  |r 2025-03-13  |s 2023-09-13  |w 2019-11-23  |y BK  |z Catalogado en:20131004  |k ART